000 00529nam a2200145 a 4500
001 000031063
005 20200930062700.0
008 110613s1948 dr 000 0 spa d
040 _aDO-SdBNP
_bspa
_cBNPHU
110 1 _aRepública Dominicana
_aConsejo Administrativo del Distrito de Santo Domingo
_957540
245 1 0 _aReglamento Interior :
_bresolución no. 28/48.
260 _aCiudad Trujillo, República Dominicana :
_bConsejo Administrativo del Distrito de Santo Domingo,
_c1948.
300 _a13 p. ;
_c23 cm.
049 _aBNPD
999 _c30555
_d30555